BIBLIOTECA PODER JUDICIAL
Portal Judicial TDF

Perspectiva de género y discapacidad en la valoración de la prueba, con especial referencia al ejercicio de la legítima defensa por parte de la mujer violentada / (Registro nro. 6406)

000 -LEADER
fixed length control field 01250nab a22002777a 4500
003 - CONTROL NUMBER IDENTIFIER
control field OSt
005 - DATE AND TIME OF LATEST TRANSACTION
control field 20260202112230.0
008 - FIXED-LENGTH DATA ELEMENTS--GENERAL INFORMATION
fixed length control field 190429b xxu||||| |||| 00| 0 spa d
040 ## - CATALOGING SOURCE
Transcribing agency PJ
100 ## - MAIN ENTRY--PERSONAL NAME
9 (RLIN) 6526
Personal name Aboso, Gustavo E.
245 10 - TITLE STATEMENT
Title Perspectiva de género y discapacidad en la valoración de la prueba, con especial referencia al ejercicio de la legítima defensa por parte de la mujer violentada /
Statement of responsibility, etc Gustavo E. Aboso.
260 ## - PUBLICATION, DISTRIBUTION, ETC. (IMPRINT)
Date of publication, distribution, etc Ciudad Autónoma de Buenos Aires :
Place of publication, distribution, etc Thomson Reuters La Ley,
Name of publisher, distributor, etc 2023.
300 ## - PHYSICAL DESCRIPTION
Extent p. 52-60
500 ## - GENERAL NOTE
General note Cita Online: AR/DOC/568/2023.
505 ## - FORMATTED CONTENTS NOTE
Formatted contents note Fallo comentado: CS ~ 23/02/2023 ~ D., N. L. s/ recurso extraordinario de inaplicabilidad de ley.<br/>
505 ## - FORMATTED CONTENTS NOTE
Title Si te interesa el texto completo, solicitalo a koha@justierradelfuego.gov.ar
650 #0 - SUBJECT ADDED ENTRY--TOPICAL TERM
9 (RLIN) 343
Topical term or geographic name as entry element DERECHO PENAL
650 #0 - SUBJECT ADDED ENTRY--TOPICAL TERM
9 (RLIN) 2649
Topical term or geographic name as entry element DOBLE INSTANCIA
650 #0 - SUBJECT ADDED ENTRY--TOPICAL TERM
9 (RLIN) 699
Topical term or geographic name as entry element FALLOS DE LA CORTE SUPREMA
650 #0 - SUBJECT ADDED ENTRY--TOPICAL TERM
9 (RLIN) 2348
Topical term or geographic name as entry element PROCESO PENAL
650 #0 - SUBJECT ADDED ENTRY--TOPICAL TERM
9 (RLIN) 3053
Topical term or geographic name as entry element VIOLENCIA DE GÉNERO
650 #0 - SUBJECT ADDED ENTRY--TOPICAL TERM
9 (RLIN) 2903
Topical term or geographic name as entry element ABUSO SEXUAL
650 #0 - SUBJECT ADDED ENTRY--TOPICAL TERM
9 (RLIN) 3271
Topical term or geographic name as entry element PERSONAS CON DISCAPACIDAD
773 0# - HOST ITEM ENTRY
Host Biblionumber 2658
Host Itemnumber 3164
Title Revista de derecho penal y criminología. Nº 7 - Agosto 2023
Place, publisher, and date of publication Ciudad Autónoma de Buenos Aires : Thomson Reuters La Ley, 2017-
International Standard Serial Number 00347914
942 ## - ADDED ENTRY ELEMENTS (KOHA)
Source of classification or shelving scheme
Koha item type Analítica Artículo de Revista

No hay ítems disponibles.

12 de Octubre 789 Ushuaia - Tel:  54(02901)441571
Horario de Atención: 8.00 a 17.00 hs. 
bibliotecaush@justierradelfuego.gov.ar
koha@justierradelfuego.gov.ar
Seguinos en nuestras redes @bibliojustdf 

Con tecnología Koha